000 00728nam a2200205Ii 4500
003 JO-AjNU
008 230605s9999||||xx |||||||||||||| ||und||
040 _aJO-AjNU
_bara
_erda
_cJO-AjNU
041 _aara
050 1 4 _aPJ7555.I27 1982
100 3 _aالعلوي،محمد أحمد بن طباطبا تأليف/عبد الساتر،عباس تحقيق/زرزور،نعيم مراجعة,
_eauthor
_919926
245 0 0 _aعيار الشعر
250 _aط1
264 3 1 _aبيروت:دار الكتب العلمية،1982
300 _a171ص
336 _atext
_btxt
_2rdacontent
337 _aunmediated
_bn
_2rdamedia
338 _avolume
_bnc
_2rdacarrier
650 4 _a الشعر العربي-تاريخ ونقد
_919927
999 _aA6663
_c10231
_d10231